1576 1953 1501 1018 1937 1867 1027 1070 1400 1529 1054 1493 1657 1846 1890 1216 1174 1571 1342 1925 1347 1075 1548 1586 1102 1197 1867 1348 1975 1296 1357 1329 1681 1206 1490 1302 1922 1211 1524 1418 1913 1783 1306 1303 1324 1144 1111 1213 1374 1815 1550 1702 1495 1942 1711 1645 1975 1402 1558 1561 1304 1563 1179 1208 1196 1418 1139 1218 1032 1653 1518 1366 1725 1773 1473 1164 1039 1193 1504 1773 1424 1446 1310 1198 1823 1086 1148 1834 1220 1155 1941 1471 1047 1199 1066 1250 1162 1054 1359 BCNSPRNW ULIB Ver.6.0+V

เปลี่ยนเป็นภาษาไทย

Change to English
 แสดงรายละเอียดบรรณานุกรม
  กลับหน้าหลัก

Brief Record : Get Marc (ISO 2709) : E-mail record : QR code < ปิดหน้าต่าง
LEADER : 00000nam 2200000uu 4500
001    13399120883
003     ULIB
008    020711s2549 th a 000 0 tha d
020    9749477324
050    D907 ส642ล
100    สาธิยา ศิริพจนากร
245    ลืมหัวใจไว้ที่ยุโรป/^cสาธิยา ศิริพจนากร
250    พิมพ์ครั้งที่ 1
260    กรุงเทพฯ :^bอทิตตา,^c2549
945    ^p0^l0^i24785
999    ^aทศพร เกษรทอง
รายการนี้ยังไม่มีแท็ก
คุณยังไม่ได้ล็อกอิน คุณสามารถมีกิจกรรมร่วมกับเว็บไซต์ได้ แต่ต้องล็อกอินก่อน ::
  ล็อกอิน

รายการสื่อสารสนเทศ

ลำดับที่ ประเภท เลขเรียก/บาร์โค้ด สถานที่ สถานะ
1. วิทยาศาสตร์การแพทย์ และสุขภาพ
วิทยาศาสตร์การแพทย์ และสุขภาพ
D907 ส642ล  
  Barcode: 24785
ห้องสมุดวิทยาเขตสวรรค์ประชารักษ์
►หนังสือทั่วไป
บนชั้น

BibComment


ยังไม่เคยถูกคอมเมนท์

คอมเมนท์ทรัพยากรรายการนี้
  คอมเมนท์: ลืมหัวใจไว้ที่ยุโ..


 Copyright 2026. Bcnsprnw @Library